Normal view
MARC view
Entry Personal Name
001 - CONTROL NUMBER
- control field: 33544
003 - CONTROL NUMBER IDENTIFIER
- control field: ARRUPE
005 - DATE AND TIME OF LATEST TRANSACTION
- control field: 20170726111304.0
008 - FIXED-LENGTH DATA ELEMENTS
- fixed length control field: 170726|| aca||aabn | a|a d
040 ## - CATALOGING SOURCE
- Original cataloging agency: ARRUPE
- Transcribing agency: ARRUPE
100 ## - HEADING--PERSONAL NAME
- Personal name: Anderson, Ingvar
670 ## - SOURCE DATA FOUND
- Source citation: Work cat.: (ARRUPE): Anderson, Ingvar, Swedish history in brief, 1985